| 000 | 00960nam a2200289 4500 | ||
|---|---|---|---|
| 001 | 34333 | ||
| 003 | BD-RjUL | ||
| 005 | 20211209052137.0 | ||
| 008 | 140515s1949 nyua b 001 0 eng | ||
| 035 |
_a(BD-RjUL)34427 _aMITb10489913 |
||
| 035 | _a(OCoLC)00254214 | ||
| 035 | _aGLIS00489913 | ||
| 040 |
_aDLC _cWSU _dBD-RjUL _beng |
||
| 041 | _aeng | ||
| 082 | 0 | 4 |
_a301 _bWIS 1949 |
| 100 | 1 |
_aWilson, Logan _d1907- _9104401 |
|
| 245 | 1 | 0 |
_aSociological analysis : _ban introductory text and case book / _cLogan Wilson and William L. Kolb; under the editorship of Robert K. Merton. |
| 260 |
_aNew York ; _bHarcourt, Brace, _cc1949. |
||
| 300 |
_axviii, 866 p. : _bill., maps, diagrs. ; _c24 cm. |
||
| 504 | _aInclude bibliography and index. | ||
| 650 | 0 |
_aSociology. _9104402 |
|
| 700 | 1 |
_aKolb, William L. _q(William Lester) _9104403 |
|
| 700 | 1 |
_aMerton, Robert King, _d1910-2003. _97046 |
|
| 942 |
_2ddc _cBK |
||
| 999 |
_c34333 _d34333 |
||